Síntesis estadística de América Latina 1960 - 1980

保存先:
書誌詳細
団体著者: CEPAL
フォーマット: テキスト
出版事項: San José: CEPAL
タグ: タグ追加
タグなし, このレコードへの初めてのタグを付けませんか!

MARC

LEADER 00000 a a2200000 04500
001 22997
003
040
090 |a 157800  
110 |a CEPAL  
245 |a Síntesis estadística de América Latina 1960 - 1980  
260 |a San José:   |b CEPAL  
300 |a s. p   |b fonodiscos   |b map.  
999 |c 13850  |d 13850